| 000 | 00509nam a2200205Ia 4500 | ||
|---|---|---|---|
| 008 | 210210b2006 xxu||||| |||| 00| 0 eng d | ||
| 020 | _a883241492 | ||
| 041 | _aeng | ||
| 082 | _a371.295 PART | ||
| 100 | _aPARAMPUKATTIL (George Mathew) | ||
| 245 | _aTruancy: a sociological study | ||
| 260 |
_aNew Delhi _bMittal Publications _c2006 |
||
| 300 | _axi,111 | ||
| 650 | _aTruancy: | ||
| 650 | _astudy | ||
| 650 | _asociological | ||
| 650 | _aa | ||
| 690 | _aSociology of Education | ||
| 906 | _aSG04972 | ||
| 999 |
_c117832 _d117832 |
||